La Reliquia: Novela

Gespeichert in:
Bibliographische Detailangaben
1. Verfasser: Queiroz, José Ma. Eca
Format: Buch
Sprache:Undetermined
Veröffentlicht: Buenos Aires, Argentina Editorial Sopena 1941
Schlagworte:
Tags: Tag hinzufügen
Keine Tags, Fügen Sie den ersten Tag hinzu!

MARC

LEADER 00000nam a2200000Ia 4500
008 170316s9999 xx 000 0 und d
090 |a 869-P Q-1r 
100 |a Queiroz, José Ma. Eca 
245 |a La Reliquia: Novela 
260 |a Buenos Aires, Argentina 
260 |b Editorial Sopena 
260 |c 1941 
300 |a 159 páginas 
650 |a LITERATURA PORTUGUESA 
999 |c 27110  |d 27110 
040 |a cru BVZT 
942 |c 15 D  |h 869-P Q-1r  |2 z